00313nam a2200121Ia 45000030006000000080041000060400015000471000023000622450068000852600009001535460012001620050017001740STCL150530s9999 xx 000 0 und d aSTCLcSTCL aManske, R.H.F.; Ed aAlkaloids:chemistry and phisiology vol VII the indole alkaloids c1965 aEnglish20220125170315.0